00395nam a2200133Ia 4500008004100000020001800041041001200059082002100071100003900092245006000131260002500191300002000216650002500236231217s9999 xx 000 0 und d a81-7224-040-6 aEnglish a001.6424C MUL;5 aMullish, Henry. Cooper, Herbert L. 4aThe spirit of C : an introduction to modern programming c1996bJaico,aBombay axiv, 527+Aii-11 aspirit,C,programming